000 01205namaa22003011i 4500
005 20260611123223.0
008 260611s1994 ua a|||frm||| 000 0 eng d
040 _aEG-GICUC
_beng
_cEG-GICUC
_dEG-GICUC
_erda
041 0 _aeng
_beng
_bara
049 _aDeposit
097 _aM.Sc
099 _aCai01.18.02.M.Sc.1994.Am.A.
100 0 _aAmr Ahmed Badr,
_epreparation.
245 1 0 _aAssessment Control Of Structures Using Neural Networks Approach /
_cBy Amr Ahmed Badr; Supervised By Dr. Mervat Gheith.
246 1 5 _aتقييم ومتابعة الإنشاءات باستخدام منهج الشبكات العصبية /
264 0 _c1994.
300 _a190 pages :
_billustrations ;
_c30 cm. +
336 _2rda content
_atext
337 _2rdamedia
_aUnmediated
338 _2rdacarrier
_avolume
502 _aThesis (M.Sc.)-Cairo University, 1994.
504 _aBibliography: pages 183-190.
653 0 _aComputer Science
700 0 _aMervat Gheith
_ethesis advisor.
900 _DDepartment of Computer & Information Science
_FFaculty of Institute Of Statistical Studies And Research
_UCairo University
_b1994
_cMervat Gheith
905 _aEman El gebaly
942 _2ddc
_cTH
_e21
_n0
999 _c180507